An introduction to composite materials (Record no. 86614)
[ view plain ]
| 000 -LEADER | |
|---|---|
| fixed length control field | 00850nam a22001577a 4500 |
| 008 - FIXED-LENGTH DATA ELEMENTS--GENERAL INFORMATION | |
| fixed length control field | 260113b |||||||| |||| 00| 0 eng d |
| 020 ## - INTERNATIONAL STANDARD BOOK NUMBER | |
| International Standard Book Number | 9780521388559 |
| 050 ## - LIBRARY OF CONGRESS CALL NUMBER | |
| Classification number | TA 418.9 .C6 Hul |
| 100 ## - MAIN ENTRY--PERSONAL NAME | |
| 9 (RLIN) | 5166 |
| Personal name | Hull, D. |
| Relator term | author |
| 245 ## - TITLE STATEMENT | |
| Title | An introduction to composite materials |
| Statement of responsibility, etc. | / by D. Hull and T. W. Clyne |
| 250 ## - EDITION STATEMENT | |
| Edition statement | Second |
| 260 ## - PUBLICATION, DISTRIBUTION, ETC. | |
| Place of publication, distribution, etc. | Cambridge : |
| Name of publisher, distributor, etc. | Cambridge University Press, |
| Date of publication, distribution, etc. | 1996 |
| 300 ## - PHYSICAL DESCRIPTION | |
| Extent | xvi, 326 pages : illustrations |
| 500 ## - GENERAL NOTE | |
| General note | "This book provides scientists and engineers with a comprehensive understanding of composite materials, which form an important class of engineering materials. In describing their production, properties and usage, the book crosses the borders of many disciplines, from the physics and chemistry of the materials themselves, to their design and applications in engineering."--Back cover |
| 942 ## - ADDED ENTRY ELEMENTS (KOHA) | |
| Source of classification or shelving scheme | |
| Withdrawn status | Lost status | Source of classification or shelving scheme | Damaged status | Not for loan | Collection code | Home library | Current library | Shelving location | Date acquired | Source of acquisition | Inventory number | Total Checkouts | Full call number | Barcode | Date last seen | Date last checked out | Price effective from |
|---|---|---|---|---|---|---|---|---|---|---|---|---|---|---|---|---|---|
| Main Library Open Access Collection | CBU-MAIN LIBRARY, KITWE. | CBU-MAIN LIBRARY, KITWE. | General Stacks | 01/13/2026 | Book Aid International | 730658 | 1 | TA 418.9 .C6 Hul | 027387 | 01/27/2026 | 01/13/2026 | 01/13/2026 |